000 00585nam a2200181Ia 4500
008 151202s9999||||xx |||||||||||||| ||und||
082 _bPNVM-50146
100 _aभागवत यशवंत.
245 _aप्रिया कुणाची प्रिया.
260 _b---
260 _c0
300 _a0
600 _aभागवत यशवंत.
630 _aप्रिया कुणाची प्रिया.
700 _aभागवत यशवंत.
730 _aप्रिया कुणाची प्रिया.
942 _cBOOK
999 _c1316688
_d1316685